000 00872nas a2200289 4500
001 BR9801173
003 BR-BrBNA
005 20231205100928.0
007 ta
008 230509b bl.|||p| |||| 00| 00por d
040 _aBR-BrBNA
_bpor
_cBiblioteca Nacional de Agricultura
041 _a(Pt)
072 _aE16
100 1 _aMota, D.M. da
100 1 _aTavares, E.D.
100 1 _aFontes, H.R.
100 1 _aFerreira, J.M.S.
100 1 _aCaron, P.
245 1 _aZoneamento agrossocioeconomico dos tabuleiros costeiros e da baixada litoranea de Sergipe
650 _aDesenvolvimento Regional
650 _aZoneamento Agricola
650 _aSergipe
773 0 _tAgrotropica (Brazil)
_xISSN 0103-3816
_g(Jan-Apr 1997), v. 9(1) p. 1-12
_wBR9801173
856 4 0 _dLink DSPACE/MAPA BR9801173
909 _a202311
_bLúcia
_c55
_dLúcia Elande
942 _2AGRIS
_n0
_cANA
999 _c158836
_d158836